All American Airlines Destinations (2023) - Statistics

General Stats
  • This quiz has been taken 693 times
    367 since last reset
  • The average score is 184 of 356
Answer Stats
Country Destination % Correct
Australia Sydney
92%
Argentina Buenos Aires
90%
United Kingdom London (Heathrow)
89%
Canada Toronto
89%
Canada Vancouver
88%
Colombia Bogota
87%
Ireland Dublin
87%
Spain Madrid
87%
New York New York (JFK)
87%
New York New York (LGA)
87%
France Paris (CDG)
87%
Brazil Rio de Janeiro
87%
Italy Rome (FCO)
87%
Chile Santiago de Chile
87%
Dominican Republic Santiago de los Caballeros
87%
Japan Tokyo (Haneda)
87%
Japan Tokyo (Narita)
87%
Spain Barcelona
86%
Peru Lima
86%
Florida Miami
86%
California San Francisco
86%
California | Costa Rica San Jose
86%
Netherlands Amsterdam
85%
Illinois Chicago (O'Hare)
85%
Texas Dallas (DFW)
85%
Germany Frankfurt
85%
Canada Montreal
85%
India New Delhi
85%
Florida | Panama Panama City
85%
Arizona Phoenix
85%
Greece Athens
84%
Massachusetts Boston
84%
Portugal Lisbon
84%
Mexico Mexico City
84%
Italy Milan (MXP)
84%
Brazil Sao Paulo
84%
China Shanghai
84%
Georgia Atlanta
83%
Denmark Copenhagen
83%
Qatar Doha
83%
Cuba Havana
83%
California Los Angeles
83%
Maine | Oregon Portland
83%
Switzerland Zurich
83%
New Zealand Auckland
82%
Texas Houston (HOU)
82%
Texas Houston (IAH)
82%
Nevada Las Vegas
82%
New Hampshire Manchester
82%
Bahamas Nassau
82%
Pennsylvania Philadelphia
82%
Washington Seattle / Tacoma
82%
Alabama Birmingham
81%
Colorado Denver
81%
Michigan Detroit
81%
Guatemala Guatemala City
81%
Hawaii Honolulu
81%
Mississippi | Wyoming Jackson
81%
Germany Munich
81%
Florida Orlando
81%
California San Diego
81%
Alaska Anchorage
80%
Texas Austin
80%
Canada Calgary
80%
Indiana Indianapolis
80%
New Jersey Newark
80%
Louisiana New Orleans
80%
Utah Salt Lake City
80%
Florida Tampa
80%
Israel Tel Aviv
80%
Jamaica Kingston
79%
Minnesota Minneapolis
79%
Oklahoma Oklahoma City
79%
Virginia Washington (Dulles)
79%
Virginia Washington (Reagan)
79%
Missouri Kansas City
78%
Ecuador Quito
78%
California Sacramento
78%
Australia Brisbane
77%
Mexico Cancun
77%
El Salvador San Salvador
77%
Italy Venice
77%
North Carolina Charlotte
76%
Ohio Cleveland
76%
Haiti Port-au-Prince
76%
Ohio Columbus
75%
Tennessee Nashville
75%
Puerto Rico San Juan
75%
Maryland Baltimore (BWI)
74%
Florida | North Carolina Jacksonville
74%
Florida Melbourne
74%
Uruguay Montevideo
74%
Italy Naples
74%
Texas San Antonio
74%
New Mexico Albuquerque
73%
New York Buffalo
72%
Tennessee Memphis
72%
Ohio Cincinnati
71%
France Nice
71%
Pennsylvania Pittsburgh
71%
Missouri St. Louis
71%
New York Albany
70%
Texas El Paso
70%
Wisconsin Milwaukee
70%
North Carolina Raleigh / Durham
70%
Belize Belize City
69%
Idaho Boise
69%
Arkansas Little Rock
69%
Kentucky Louisville
69%
Colombia Medellin
69%
Dominican Republic Santo Domingo
69%
Nebraska Omaha
68%
Nevada Reno
68%
Guyana Georgetown
67%
Canada Quebec City
67%
Colorado Colorado Springs
66%
Florida Fort Lauderdale
66%
Mexico Guadalajara
66%
Connecticut Hartford
66%
Rhode Island Providence
66%
Arizona Tucson
66%
South Carolina | West Virginia Charleston
65%
Iowa Des Moines
65%
Illinois Springfield
64%
Missouri Springfield / Branson
64%
Louisiana Baton Rouge
63%
New Mexico Santa Fe
63%
Antigua & Barbuda Antigua
62%
California Monterey
62%
Mexico Monterrey
62%
Trinidad & Tobago Port of Spain
62%
Virginia Richmond
62%
Oklahoma Tulsa
62%
Florida Tallahassee
61%
California Fresno
60%
Nicaragua Managua
60%
Kansas Wichita
59%
Wisconsin Madison
58%
Alabama Mobile
58%
Alabama Montgomery
58%
St. Lucia Saint Lucia
58%
Colombia Cali
57%
St. Kitts & Nevis Saint Kitts
57%
Utah St. George
57%
Canada Halifax
56%
Tennessee Knoxville
56%
Suriname Paramaribo
56%
Minnesota | New York Rochester
56%
St. Vincent & the Grenadines Saint Vincent
56%
Barbados Barbados
55%
North Dakota Fargo
55%
Grenada Grenada
55%
Georgia Savannah
55%
South Dakota Sioux Falls
55%
Netherlands Aruba
54%
North Dakota Bismarck
54%
Missouri | South Carolina Columbia
54%
Jamaica Montego Bay
54%
Ohio Akron
53%
Georgia Augusta
53%
Florida Key West
53%
Montana Billings
52%
Wisconsin Green Bay
52%
Pennsylvania Harrisburg
52%
Dominican Republic Punta Cana
52%
Texas Corpus Christi
51%
Michigan Lansing
51%
Mexico Tijuana
51%
Ohio Toledo
51%
Ohio Dayton
50%
Oregon Eugene
50%
Kentucky Lexington
50%
New York Syracuse
50%
Dominica Dominica
49%
Arizona Flagstaff
49%
Florida Fort Myers
49%
Michigan Grand Rapids
49%
Colorado Aspen
48%
Ecuador Guayaquil
48%
Mexico San Jose del Cabo
48%
Colombia Cartagena
47%
Netherlands Curacao
47%
Virginia Norfolk
47%
Washington Spokane
47%
Tennessee Chattanooga
46%
North Carolina Greensboro
46%
Texas Amarillo
45%
Iowa Cedar Rapids
45%
Indiana Fort Wayne
45%
Vermont Burlington
44%
Arkansas | North Carolina Fayetteville
44%
Alabama Huntsville
44%
Texas Lubbock
44%
California Ontario
44%
California Bakersfield
43%
Maine Bangor
43%
California Long Beach
43%
Montana Bozeman
42%
Florida Pensacola
42%
California Santa Ana
42%
California Santa Barbara
42%
Louisiana Shreveport
42%
Michigan Flint
41%
South Carolina Greenville / Spartanburg
41%
Pennsylvania Allentown
40%
North Carolina Asheville
40%
Colombia Barranquilla
40%
California Burbank
40%
North Carolina Greenville
40%
Idaho Idaho Falls
40%
Louisiana Lafayette
40%
Texas Laredo
40%
Costa Rica Liberia
40%
Mexico Puerto Vallarta
40%
Florida West Palm Beach
40%
Texas McAllen
39%
Massachusetts Worcester
39%
Texas Brownsville
38%
Pennsylvania Erie
38%
Hawaii Kailua / Kona
38%
Florida Myrtle Beach
38%
California Palm Springs
38%
Oregon Redmond / Bend
38%
Florida Sarasota / Bradenton
38%
North Carolina Wilmington
38%
Arizona Yuma
38%
United Kingdom Bermuda
37%
Netherlands Bonaire
37%
Florida Daytona Beach
37%
Netherlands Sint Maarten
37%
Texas Waco
37%
Indiana Evansville
36%
Florida Gainesville
36%
Hawaii Kahului
36%
Indiana South Bend
36%
Wisconsin Appleton
35%
Mexico Merida
35%
Montana Missoula
35%
Mexico Oaxaca
35%
Colorado Vail / Eagle
35%
Mexico Chihuahua
34%
Michigan Kalamazoo / Battle Creek
34%
Texas Midland
34%
South Dakota Rapid City
34%
US Virgin Islands St. Thomas
34%
Mexico Acapulco
33%
Colorado Grand Junction
33%
Mississippi Gulfport / Biloxi
33%
Illinois Bloomington
32%
Illinois Champaign / Urbana
32%
South Carolina Florence
32%
Massachusetts Martha's Vineyard
32%
Illinois Peoria
32%
Louisiana Alexandria
31%
Mexico Cozumel
31%
United Kingdom Grand Cayman
31%
Hawaii Lihue
31%
Michigan Marquette
31%
Massachusetts Nantucket
31%
United Kingdom Providenciales
31%
Honduras San Pedro Sula
31%
Virginia Charlottesville
30%
France Fort-de-France
30%
Mexico Leon
30%
New Mexico Roswell
30%
Texas Abilene
29%
Texas Beaumont / Port Arthur
29%
Arkansas Fort Smith
29%
Bahamas Freeport
29%
Louisiana Lake Charles
29%
Kansas Manhattan
29%
Oregon Medford
29%
Louisiana Monroe
29%
France Pointe-a-Pitre
29%
Texas Wichita Falls
29%
Texas College Station
28%
Colorado | Mexico Durango
28%
New York Ithaca
28%
Texas Tyler
28%
Florida Destin / Fort Walton Beach
27%
West Virginia Huntington
27%
Virginia Roanoke
27%
Pennsylvania State College
27%
US Virgin Islands St. Croix
27%
Michigan Traverse City
27%
Nebraska Grand Island
26%
Virginia Newport News
26%
Dominican Republic Puerto Plata
26%
California San Luis Obispo
26%
Texas Texarkana
25%
Mexico Tulum
25%
New York White Plains
25%
Mexico Aguascalientes
24%
South Carolina Hilton Head Island
24%
Maryland Salisbury / Ocean City
24%
United Kingdom Anguilla
23%
Montana Kalispell
23%
Honduras Roatan
23%
Wisconsin La Crosse
22%
Illinois Moline
22%
Colorado Montrose
22%
Mexico San Luis Potosi
22%
California Santa Rosa
22%
Oklahoma Stillwater
22%
New York Islip (Long Island)
21%
Oklahoma Lawton
21%
Virginia Lynchburg
21%
Texas Fort Hood / Killeen
20%
Mexico Ixtapa / Zihuatanejo
20%
Mexico Mazatlan
20%
Texas San Angelo
20%
Cuba Santa Clara
20%
Cuba Santiago de Cuba
20%
Cuba Varadero
20%
Mexico Veracruz
20%
Pennsylvania Wilkes Barre
20%
Colorado Hayden
19%
Texas Longview
19%
Iowa Waterloo
19%
Kansas Garden City
18%
Texas Harlingen
18%
Wisconsin Wausau
18%
Mexico Hermosillo
17%
Mexico Queretaro
17%
Mexico Zacatecas
17%
New York Watertown
16%
Colorado Gunnison
15%
Cuba Holguin
15%
Tennessee Blountville (Tri-Cities)
14%
North Carolina New Bern
14%
Massachusetts Hyannis
13%
Mexico Morelia
13%
Jamaica Ocho Rios
12%
Mexico Torreon
12%
Colombia Pereira
11%
Cuba Camaguey
10%
Bahamas Marsh Harbor
10%
Texas Del Rio
9%
Mexico Loreto
9%
Bahamas North Eleuthera
9%
Mexico Manzanillo
8%
Honduras Comayagua
7%
Mexico Huatulco
7%
Bahamas Great Exuma
6%
Bahamas Governor's Harbour
4%
United Kingdom Tortola
4%
No matching quizzes found
Score Distribution
Percent of People with Each Score
Percentile by Number Answered
Your Score History
You have not taken this quiz since the last reset